Billy Joel Lyrics Quiz (Part 35) - Statistics

General Stats
  • This quiz has been taken 34 times
  • The average score is 108 of 158
Answer Stats
Answer % Correct
I
100%
the
97%
it
90%
If
87%
if
87%
is
87%
to
87%
you
87%
And
83%
and
83%
had
83%
be
80%
we
80%
When
80%
on
77%
on,
77%
can
73%
only
73%
tell
73%
time
73%
your
73%
have
67%
it’s
67%
know
67%
of
67%
say
67%
that
67%
knew
63%
all
60%
But
60%
how
60%
Well
60%
will
60%
words
60%
sing
57%
them
57%
day
53%
goes
53%
hard
53%
much
53%
song
53%
there
53%
man
50%
these
50%
always
47%
been
47%
find
47%
gone
47%
Life
47%
those
47%
wouldn’t
47%
you’ll
47%
any
43%
every
43%
understand
43%
again
37%
never
37%
soon
37%
try
37%
ask
33%
best
33%
hold
33%
Though
33%
arms
30%
comprehend
30%
lines
30%
taken
30%
carry
27%
change
27%
feelings
27%
sure
27%
tired
27%
meaning
23%
radio
23%
repeats
23%
simple
23%
tonight
23%
urge
23%
No matching quizzes found
Score Distribution
Percent of People with Each Score
Percentile by Number Answered
Your Score History
You have not taken this quiz